LIBRARY & INFORMATION CENTRE, KCAET, TAVANUR

ONLINE PUBLIC ACCESS CATALOGUE (OPAC)

50 years fo crop science research in India / (Record no. 6821)

MARC details
000 -LEADER
fixed length control field 00446cam a2200169ua 4500
041 ## - LANGUAGE CODE
Language code of text/sound track or separate title eng
082 ## - DEWEY DECIMAL CLASSIFICATION NUMBER
Classification number 630.7
Item number PRA/50
100 ## - MAIN ENTRY--AUTHOR NAME
Personal name Paroda, R S.
245 ## - TITLE STATEMENT
Title 50 years fo crop science research in India /
250 ## - EDITION STATEMENT
Edition statement 1 /
260 ## - PUBLICATION, DISTRIBUTION, ETC. (IMPRINT)
Place of publication New Delhi :
Name of publisher Indian Council for Agricultural Research ,
Year of publication 1996.
300 ## - PHYSICAL DESCRIPTION
Number of Pages 796 ; .
500 ## - GENERAL NOTE
General note 19539 Ref
942 ## - ADDED ENTRY ELEMENTS (KOHA)
Koha item type Books
Holdings
Withdrawn status Lost status Damaged status Home library Current library Date acquired Full call number Accession Number Koha item type Collection code Shelving location Source of acquisition Cost, normal purchase price
      KAUAET KAUAET 07/04/2012 630.7 19539 Reference        
      KAUAET KAUAET 31/03/2012 630.7 PRA/50 23600 Books Non-fiction General Stacks International Books and periodical supply service, New Delhi 900.00
free website counter